[Event "CUB-ch U18"]
[Site "Camaguey"]
[Date "2017.06.23"]
[Round "4.7"]
[White "Rodriguez Gutierrez, Brayans"]
[Black "Gonzalez Aparicio, Enmanuel"]
[Result "0-1"]
[WhiteElo "2139"]
[BlackElo "2110"]
[PlyCount "78"]
[EventDate "2017.06.21"]
[EventType "swiss"]
[EventRounds "9"]
[EventCountry "CUB"]
[SourceTitle "EXT 2023"]
[Source "ChessBase"]
[SourceDate "2022.10.05"]
[SourceVersion "1"]
[SourceVersionDate "2022.10.05"]
[SourceQuality "1"]

1. d4 Nf6 2. c4 c5 3. d5 e6 4. Nc3 exd5 5. cxd5 d6 6. g3 g6 7. Bg2 Bg7 8. Nf3 0-0 9. 0-0 Re8 10. Nd2 Na6 11. Nc4 Nc7 12. a4 b6 13. Re1 Ba6 14. Na3 Qd7 15. e4 Ng4 16. h3 Ne5 17. Nab5 Nxb5 18. axb5 Bxb5 19. Nxb5 Qxb5 20. Bf1 c4 21. Re3 Qc5 22. Kg2 a5 23. Bd2 Qc7 24. Bc3 b5 25. Rc1 Qb7 26. b3 cxb3 27. Qxb3 b4 28. Ba1 a4 29. Qb2 f5 30. Ree1 Nf3 31. Qxg7+ Qxg7 32. Kxf3 fxe4+ 33. Kg2 Qf7 34. Rc6 e3 35. f3 Rac8 36. Rxd6 a3 37. Bb5 Rc2+ 38. Re2 Rxe2+ 39. Bxe2 b3 0-1

[Event "CUB-ch U18"]
[Site "Camaguey"]
[Date "2017.06.21"]
[Round "2.7"]
[White "Medina Diaz, Rafael Alejandro"]
[Black "Gonzalez Aparicio, Enmanuel"]
[Result "1-0"]
[WhiteElo "2279"]
[BlackElo "2110"]
[PlyCount "65"]
[EventDate "2017.06.21"]
[EventType "swiss"]
[EventRounds "9"]
[EventCountry "CUB"]
[SourceTitle "EXT 2023"]
[Source "ChessBase"]
[SourceDate "2022.10.05"]
[SourceVersion "1"]
[SourceVersionDate "2022.10.05"]
[SourceQuality "1"]

1. e4 c6 2. Nc3 d5 3. Nf3 dxe4 4. Nxe4 Nd7 5. Bc4 Ngf6 6. Neg5 e6 7. Qe2 Nb6 8. Ne5 Nxc4 9. Qxc4 Qd5 10. Qxd5 exd5 11. Nexf7 Rg8 12. 0-0 Bc5 13. Re1+ Kf8 14. Ne5 Bf5 15. d3 Re8 16. Ngf3 h6 17. Be3 Bxe3 18. Rxe3 g5 19. Rae1 Kg7 20. Nd4 Bc8 21. b4 Rgf8 22. a4 Rd8 23. a5 a6 24. Nef3 Nh5 25. Re7+ Rf7 26. Nb3 Kf8 27. R7e3 Nf4 28. Nfd4 Bd7 29. Nc5 Bc8 30. f3 g4 31. g3 Nh3+ 32. Kh1 Kg8 33. f4 1-0